00434 2200181 4500001002100000005001500021008004100036020002200077035001900099041000700118082001000125090001600135100002100151245001500172260002000187300002900207650001600236INLIS00000000000391820241224112819241224||||||||| | ||| |||| || |  a978-602-0832-70-8 0010-1224003918 aid0 a372.2 a372.2 NYO b0 aNyoman Sri Utami00aBerpakaian bUSAID Prioritas a16 hlm. : ilus, ; 20 cm. 0aIlmu Sosial